Silicon nanoelectronics / (Record no. 60644)

000 -LEADER
fixed length control field 01429cam a22003494a 4500
001 - CONTROL NUMBER
control field 13879736
003 - CONTROL NUMBER IDENTIFIER
control field NUST-PNEC
005 - DATE AND TIME OF LATEST TRANSACTION
control field 20170116180704.0
008 - FIXED-LENGTH DATA ELEMENTS--GENERAL INFORMATION
fixed length control field 050222s2006 flua b 001 0 eng
010 ## - LIBRARY OF CONGRESS CONTROL NUMBER
LC control number 2005005007
020 ## - INTERNATIONAL STANDARD BOOK NUMBER
International Standard Book Number 0824726332
040 ## - CATALOGING SOURCE
Original cataloging agency DLC
Transcribing agency PNEC
042 ## - AUTHENTICATION CODE
Authentication code pcc
050 00 - LIBRARY OF CONGRESS CALL NUMBER
Classification number TK7874.8
Item number .S55 2006
082 00 - DEWEY DECIMAL CLASSIFICATION NUMBER
Classification number 621.381 ODA
100 ## - MAIN ENTRY--PERSONAL NAME
9 (RLIN) 285
Personal name Oda Shunri
245 00 - TITLE STATEMENT
Title Silicon nanoelectronics /
Statement of responsibility, etc. edited by Shunri Oda, David Ferry.
260 ## - PUBLICATION, DISTRIBUTION, ETC.
Place of publication, distribution, etc. Boca Raton :
Name of publisher, distributor, etc. Taylor & Francis,
Date of publication, distribution, etc. 2006.
300 ## - PHYSICAL DESCRIPTION
Extent 313 p. :
Other physical details ill. ;
Dimensions 25 cm.
500 ## - GENERAL NOTE
General note http://www.amazon.com/Silicon-Nanoelectronics-Optical-Science-Engineering/dp/0824726332/ref=sr_1_1?ie=UTF8&qid=1410762339&sr=8-1&keywords=0824726332
504 ## - BIBLIOGRAPHY, ETC. NOTE
Bibliography, etc. note Includes bibliographical references and index.
650 #0 - SUBJECT ADDED ENTRY--TOPICAL TERM
Topical term or geographic name entry element Molecular electronics.
650 #0 - SUBJECT ADDED ENTRY--TOPICAL TERM
Topical term or geographic name entry element Nanotechnology.
General subdivision EE
650 #0 - SUBJECT ADDED ENTRY--TOPICAL TERM
Topical term or geographic name entry element Silicon compounds.
700 1# - ADDED ENTRY--PERSONAL NAME
Personal name Oda, Shunri.
700 1# - ADDED ENTRY--PERSONAL NAME
Personal name Ferry, David K.
856 41 - ELECTRONIC LOCATION AND ACCESS
Materials specified Table of contents only
Uniform Resource Identifier <a href="http://www.loc.gov/catdir/toc/ecip058/2005005007.html">http://www.loc.gov/catdir/toc/ecip058/2005005007.html</a>
856 42 - ELECTRONIC LOCATION AND ACCESS
Materials specified Publisher description
Uniform Resource Identifier <a href="http://www.loc.gov/catdir/enhancements/fy0648/2005005007-d.html">http://www.loc.gov/catdir/enhancements/fy0648/2005005007-d.html</a>
906 ## - LOCAL DATA ELEMENT F, LDF (RLIN)
a 7
b cbc
c orignew
d 1
e ecip
f 20
g y-gencatlg
942 ## - ADDED ENTRY ELEMENTS (KOHA)
Source of classification or shelving scheme
Koha item type Book
Holdings
Withdrawn status Lost status Source of classification or shelving scheme Damaged status Not for loan Permanent Location Current Location Shelving location Date acquired Source of acquisition Serial Enumeration / chronology Total Checkouts Full call number Barcode Date last seen Price effective from Koha item type
          Pakistan Navy Engineering College (PNEC) Pakistan Navy Engineering College (PNEC) Reference 04/30/2008 Royal Book Company 11881   621.381 ODA PNECLIB-028593 09/15/2014 04/30/2008 Book
© 2023 Central Library, National University of Sciences and Technology. All Rights Reserved.